Odborný komentár k zákonu NR SR č.87/1994 Z.z. o cestnej dani

Výklad jednotlivých paragrafov zákona č.87/1994 Z.z. o cestnej dani a najdôležitejšie zmeny oproti zákonu č.319/1992 Zb.

Na minha lista:
Detalhes bibliográficos
Autor principal: Široký, V.
Formato: Capítulo de Livro
Idioma:eslovaco
Assuntos:
Tags: Adicionar Tag
Sem tags, seja o primeiro a adicionar uma tag!

MARC

LEADER 00000naa a2200000 4500
001 r015370
005 20221213113758.7
041 0 |a slo 
044 |a SK 
245 1 0 |a Odborný komentár k zákonu NR SR č.87/1994 Z.z. o cestnej dani  |c V. Široký 
520 |a Výklad jednotlivých paragrafov zákona č.87/1994 Z.z. o cestnej dani a najdôležitejšie zmeny oproti zákonu č.319/1992 Zb. 
610 2 0 |a dane cestné 
610 2 0 |a zákony 
610 2 0 |a Slovensko 
610 2 0 |a 1994 
610 2 0 |a komentáre 
100 1 |a Široký, V.